[Event "BL2-Nord 0607"]
[Site "Germany"]
[Date "2006.11.19"]
[Round "3.3"]
[White "Sievers, Stefan"]
[Black "Fruebing, Stefan"]
[Result "1-0"]
[WhiteElo "2375"]
[BlackElo "2305"]
[PlyCount "47"]
[EventDate "2006.10.15"]
[EventType "team-tourn"]
[EventRounds "9"]
[EventCountry "GER"]
[SourceTitle "EXT 2008"]
[Source "ChessBase"]
[SourceDate "2007.11.25"]
[SourceVersion "1"]
[SourceVersionDate "2007.11.25"]
[SourceQuality "1"]
[WhiteTeam "Hamburger SK II"]
[BlackTeam "Ruedersdorf"]
[WhiteTeamCountry "GER"]
[BlackTeamCountry "GER"]

1. e4 e5 2. Bc4 Nf6 3. Nc3 Nxe4 4. Qh5 Nd6 5. Bb3 Be7 6. Nf3 Nc6 7. Nxe5 Nxe5 8. Qxe5 0-0 9. Nd5 Re8 10. 0-0 Bf8 11. Qf4 c6 12. Ne3 Qa5 13. d3 b6 14. h3 Qh5 15. Bd2 Nb7 16. Rae1 d5 17. Ng4 Rxe1 18. Rxe1 Nd6 19. Ne5 Bb7 20. Nd7 Rd8 21. Nf6+ gxf6 22. Qxf6 Re8 23. Bc3 Rxe1+ 24. Kh2 1-0

[Event "BL2-Nord 0506"]
[Site "Germany"]
[Date "2006.04.02"]
[Round "9.2"]
[White "Neumeier, Lars"]
[Black "Sievers, Stefan"]
[Result "1/2-1/2"]
[WhiteElo "2251"]
[BlackElo "2372"]
[PlyCount "34"]
[EventDate "2005.10.23"]
[EventType "team-tourn"]
[EventRounds "9"]
[EventCountry "GER"]
[SourceTitle "EXT 2007"]
[Source "ChessBase"]
[SourceDate "2006.11.23"]
[SourceVersion "1"]
[SourceVersionDate "2006.11.23"]
[SourceQuality "1"]
[WhiteTeam "Berlin Rotation"]
[BlackTeam "Hamburger SK II"]
[WhiteTeamCountry "GER"]
[BlackTeamCountry "GER"]

1. Nf3 g6 2. d4 Nf6 3. Nbd2 c5 4. dxc5 Na6 5. e4 Nxc5 6. e5 Nh5 7. Nc4 b6 8. Be2 Bb7 9. 0-0 Ne6 10. Ng5 Nhf4 11. Bxf4 Nxf4 12. Bf3 Qc7 13. Qd4 Bxf3 14. Qxf4 Bd5 15. Ne3 Be6 16. Nxe6 fxe6 17. Qe4 Rd8 1/2-1/2

[Event "BL2-Nord 0506"]
[Site "Germany"]
[Date "2006.03.12"]
[Round "8.3"]
[White "Berczes, Csaba"]
[Black "Sievers, Stefan"]
[Result "1-0"]
[WhiteElo "2389"]
[BlackElo "2372"]
[PlyCount "77"]
[EventDate "2005.10.23"]
[EventType "team-tourn"]
[EventRounds "9"]
[EventCountry "GER"]
[SourceTitle "EXT 2007"]
[Source "ChessBase"]
[SourceDate "2006.11.23"]
[SourceVersion "1"]
[SourceVersionDate "2006.11.23"]
[SourceQuality "1"]
[WhiteTeam "Ruedersdorf"]
[BlackTeam "Hamburger SK II"]
[WhiteTeamCountry "GER"]
[BlackTeamCountry "GER"]

1. e4 c5 2. Nf3 g6 3. d4 cxd4 4. Nxd4 Nc6 5. c4 Nf6 6. Nc3 d6 7. Be2 Bg7 8. Be3 0-0 9. 0-0 Bd7 10. Rc1 Nxd4 11. Bxd4 Bc6 12. f3 Nd7 13. Be3 a5 14. b3 Nc5 15. Qd2 Qb6 16. Rfd1 Rfc8 17. Bf1 Qb4 18. Nd5 Bxd5 19. cxd5 h5 20. Qf2 Kh7 21. Rc4 Qb6 22. f4 Qc7 23. a3 Qd7 24. Bxc5 dxc5 25. e5 a4 26. b4 cxb4 27. Rxb4 Rc3 28. Qb2 Rac8 29. Rxb7 Qg4 30. Qe2 Qxf4 31. Rxe7 Rc1 32. Rxc1 Rxc1 33. Qf2 Qc4 34. d6 Bh6 35. Rxf7+ Kg8 36. d7 Qd3 37. Qf6 Rd1 38. d8Q+ Qxd8 39. Qxg6+ 1-0